000 00190 a2200097 4500
020 _a9781546180227
041 _aeng
100 _aBayron, Kalynn
245 _aSleep in the death
942 _cBK
999 _c31332
_d31330